000 00753nam a2200241Ia 4500
003 OSt
005 20220918215517.0
006 a|||||r|||| 00| 0
007 ta
008 220917b |||||||| |||| 00| 0 eng d
024 _a141,557
037 _cTextual
040 _aARTS
_cARTS
_beng
041 _2eng
_aeng
082 _aY1:52:5p1:N5, K6-;1
110 _aInternational Conference On Family Planning And Population Programs, 1965 (Geneva)
_9134308
245 0 _aProceedings ed by bernard Berelson etc
260 _c1966
650 _aSOCIOLOGY
700 _aInternational Conference On Family Planning And Population Programs, 1965 (Geneva)
_9134309
942 _hY1:52:5p1:N5, K6-;1
_cTEXL
_2CC
999 _c264518
_d264518